| Tag |
First Indicator |
Second Indicator |
Subfields |
| LEADER |
00000pam a2200000 a 4500 |
| 001 |
in00000084730 |
| 005 |
20151008053215.0 |
| 008 |
800604s1980 gau b 00010 engm |
| 010 |
|
|
|a 79092064
|
| 020 |
|
|
|a 0804232393
|
| 035 |
|
|
|a (OCoLC)06485725
|
| 035 |
|
|
|9 AAH6651AM
|
| 040 |
|
|
|a DLC
|c DLC
|d m.c.
|d TXA
|d UtOrBLW
|
| 049 |
|
|
|a TXAM
|c [1197067]
|
| 050 |
0 |
0 |
|a BS2675.3
|b B23
|
| 090 |
|
|
|a BS2675.3
|b .B23
|
| 100 |
1 |
|
|a Baird, William,
|d 1924-
|
| 245 |
1 |
0 |
|a 1 Corinthians, 2 Corinthians /
|c William Baird.
|
| 264 |
|
1 |
|a Atlanta :
|b John Knox Press,
|c [1980]
|
| 264 |
|
4 |
|c ©1980
|
| 300 |
|
|
|a 112 pages ;
|c 22 cm.
|
| 336 |
|
|
|a text
|b txt
|2 rdacontent
|
| 337 |
|
|
|a unmediated
|b n
|2 rdamedia
|
| 338 |
|
|
|a volume
|b nc
|2 rdacarrier
|
| 490 |
1 |
|
|a Knox preaching guides
|
| 500 |
|
|
|a Spine title: 1&2 Corinthians.
|
| 504 |
|
|
|a Bibliography: pages [111]-112.
|
| 630 |
0 |
0 |
|a Bible.
|p Corinthians
|x Commentaries.
|
| 630 |
0 |
0 |
|a Bible.
|p Corinthians
|x Homiletical use.
|
| 740 |
0 |
|
|a 1&2 Corinthians.
|
| 830 |
|
0 |
|a Knox preaching guides.
|
| 999 |
|
|
|a MARS
|
| 999 |
f |
f |
|s 24e52ac4-ef9c-3295-8452-82452e17ede0
|i 776936d1-78e0-37c2-ab3b-8e11e5fd92e8
|t 0
|
| 952 |
f |
f |
|p ric
|a Texas A&M University
|b Rellis Campus
|c Joint Library Facility
|d Remote Storage
|t 0
|e BS2675.3 B23
|h Library of Congress classification
|i unmediated -- volume
|m A14805954934
|
| 998 |
f |
f |
|a BS2675.3 B23
|t 0
|l Remote Storage
|